000 01055nas a2200313 a 4500
001 000108325
003 DLC
005 20220329144008.0
008 140128c19939999 r1p|r 0 0eng d
010 _a104787
011 _a105759
022 _a1068-2805
210 1 _aAgric. resour. econ. rev.
245 0 0 _aAgricultural and resource economics review.
260 _aNewark, De :
_bNortheastern Agricultural and Resource Economics Association,
_c1993.
300 _av.
310 _aSemestral
362 1 _av. 42n. 1, 2013
500 _aInicia en (año)con el vol. #, no. #
530 _aA partir del v.&& n.&,&&& disponible en línea
590 _aE5765TAJ
_b10
_c20140128
_lUCH01
_h1142
590 _aE5765TAJ
_b10
_c20140128
_lUCH01
_h1146
650 1 4 _aAgricultura
_xAspectos económicos
_zE.U.A.
_91311
650 1 4 _aRecursos naturales
_xE.U.A.
_995277
780 0 0 _tNortheastern journal of agricultural and resource economics
_x0899-367X
856 4 0 _3http://ageconsearch.umn.edu/handle/36551
_zTeclea aqui
901 _aSE
942 _n0
999 _c104787
_d104787